[Event "EU Union-ch U08"]
[Site "Pec pod Snezkou"]
[Date "2022.08.29"]
[Round "8"]
[White "Koev, Georgi"]
[Black "Kovacs, Balazs2222"]
[Result "1/2-1/2"]
[WhiteElo "1119"]
[BlackElo "1463"]
[PlyCount "84"]
[EventDate "2022.08.22"]
[EventType "swiss"]
[EventRounds "9"]
[EventCountry "CZE"]
[SourceTitle "EXT 2023"]
[Source "ChessBase"]
[SourceDate "2022.10.05"]
[SourceVersion "1"]
[SourceVersionDate "2022.10.05"]
[SourceQuality "1"]

1. e4 e5 2. Bc4 c6 3. Nf3 d5 4. exd5 cxd5 5. Bb5+ Bd7 6. Bxd7+ Nxd7 7. 0-0 e4 8. Nd4 Ngf6 9. d3 Bc5 10. Ne2 0-0 11. dxe4 dxe4 12. Ng3 Qc7 13. Re1 Rad8 14. Be3 Qb6 15. Qc1 Bxe3 16. Rxe3 Ne5 17. Nc3 Nc4 18. Re2 Qxb2 19. Qxb2 Nxb2 20. Rb1 Rc8 21. Rxb2 Rxc3 22. Nxe4 Nxe4 23. Rxe4 Rd8 24. Kf1 g6 25. Re7 Rd2 26. Rexb7 Rdxc2 27. Rxc2 Rxc2 28. Rxa7 Kg7 29. a4 Ra2 30. a5 Kf6 31. Ra8 Ke6 32. a6 h5 33. a7 Kf5 34. g3 Kg4 35. Kg2 Kg5 36. h3 f6 37. Kf3 Ra3+ 38. Ke4 Ra4+ 39. Kd5 Ra1 40. Ke6 Re1+ 41. Kf7 Ra1 42. f4+ Kf5 1/2-1/2

[Event "EU Union-ch U08"]
[Site "Pec pod Snezkou"]
[Date "2022.08.25"]
[Round "4"]
[White "Koev, Georgi"]
[Black "Zahariev, Velislav"]
[Result "1-0"]
[WhiteElo "1119"]
[BlackElo "1263"]
[PlyCount "109"]
[EventDate "2022.08.22"]
[EventType "swiss"]
[EventRounds "9"]
[EventCountry "CZE"]
[SourceTitle "EXT 2023"]
[Source "ChessBase"]
[SourceDate "2022.10.05"]
[SourceVersion "1"]
[SourceVersionDate "2022.10.05"]
[SourceQuality "1"]

1. e4 e5 2. Bc4 Nc6 3. Nf3 Bc5 4. c3 Nf6 5. d3 d6 6. 0-0 0-0 7. Re1 Ne7 8. Nbd2 Ng6 9. Nf1 Ng4 10. d4 exd4 11. cxd4 Bb4 12. Bd2 Bxd2 13. Qxd2 Kh8 14. h3 Nh6 15. Ng3 f5 16. exf5 Nxf5 17. Nxf5 Bxf5 18. Ng5 d5 19. Bb3 Qd7 20. Bc2 Bxc2 21. Qxc2 Rae8 22. h4 Rxe1+ 23. Rxe1 Qf5 24. Qxf5 Rxf5 25. h5 Nf8 26. Ne6 Nxe6 27. Rxe6 Kg8 28. Re7 Rf7 29. Re5 Rd7 30. Kf1 Kf7 31. Ke2 Re7 32. Rxe7+ Kxe7 33. g4 b6 34. b4 Kd6 35. Kd3 c5 36. bxc5+ bxc5 37. dxc5+ Kxc5 38. f4 d4 39. g5 Kd5 40. a4 a5 41. f5 Ke5 42. f6 gxf6 43. g6 hxg6 44. h6 g5 45. h7 g4 46. h8Q g3 47. Qg7 Kf4 48. Qxf6+ Kg4 49. Qxd4+ Kh3 50. Qg1 g2 51. Kc4 Kg3 52. Kb5 Kf3 53. Kxa5 Kg3 54. Kb6 Kh3 55. a5 1-0